Every country geography(no map) - Statistics

General Stats
  • This quiz has been taken 100 times
  • The average score is 7 of 10
Answer Stats
Hint Answer % Correct
Main language English
95%
Capital Ottawa
94%
Bordering country Usa
94%
Largest city Toronto
93%
What plant on flag Maple leaf
78%
Nearest no border country Russia
70%
President now Justin Trudeau
66%
Smallest province Prince Edward island
63%
Provinces 10
53%
Famous for what Maple syrup
33%
No matching quizzes found
Score Distribution
Percent of People with Each Score
Percentile by Number Answered
Your Score History
You have not taken this quiz